000 01186nam a2200253Ia 4500
001 271.771-ALB gi oo (22361)
003 IT-MiSPE
008 171229s9999||||xx |||||||||||||| ||und||
040 _aIT-MiSPE
_cIT-MiSPE
041 _aITALIANO
100 _aGiacomo Alberione
245 0 _aOpera omnia: Alle Pie Discepole del Divin Maestro
_bRaccolta di meditazioni e istruzioni: 0. Anni 1946-1947
250 _a1a ed. (v)
260 _aRoma
_bCasa Generalizia PDDM
_c(st.) 1990
300 _a262 p. [v.]
_c22 cm
490 _a Opera omnia
_v
501 _aEdizioni San Paolo srl - Piazza Soncino, 5 - 20092 CINISELLO BALSAMO (MI) (non commercial uses only) ® Copyright 2018
520 _aClelia Arlati (coll.), Giuseppe Barbero (note)
700 _aClelia Arlati
700 _aMaria Lucia Ricci
942 _cBK
957 _71
999 _a13832
_bNO
_g Copie: 1
_c347868
_d347868